Loading...
| Ancient History and Archaeology | 3 | 13.33 | 133% | 0% | 200% |
| Beliefs | 7 | 8.57 | 57% | 86% | 57% |
| British and Commonwealth History | 4 | 10.00 | 200% | 100% | 0% |
| Current Events | 2 | 10.00 | 0% | 100% | 100% |
| Fine Arts - Auditory | 4 | 10.00 | 300% | 50% | 0% |
| Fine Arts - Visual | 2 | 10.00 | 0% | 200% | 0% |
| Geography | 1 | 0.00 | 0% | 0% | 0% |
| History - American | 2 | 5.00 | 0% | 100% | 0% |
| History - European | 3 | 16.67 | 267% | 133% | 67% |
| History - World | 2 | 5.00 | 0% | 0% | 100% |
| Literature - American | 5 | 8.00 | 240% | 40% | 0% |
| Literature - British | 1 | 0.00 | 0% | 0% | 0% |
| Literature - European | 1 | 10.00 | 0% | 0% | 200% |
| Other Academic | 1 | 10.00 | 0% | 200% | 0% |
| Other Arts: Visual | 3 | 13.33 | 267% | 67% | 67% |
| Other Science: Astronomy | 1 | 10.00 | 0% | 200% | 0% |
| Other Science: Computer Science | 1 | 10.00 | 0% | 200% | 0% |
| Philosophy | 2 | 10.00 | 0% | 100% | 100% |
| Science - Biology | 5 | 6.00 | 160% | 40% | 0% |
| Science - Chemistry | 1 | 20.00 | 400% | 200% | 0% |
| Science - Physics | 1 | 10.00 | 0% | 0% | 200% |
| Social Science | 2 | 5.00 | 0% | 100% | 0% |
| World and Other Literature | 4 | 10.00 | 100% | 100% | 50% |